Central Library OPAC University of Rajshahi

Methods of quantum field theory in statistical physics / (Record no. 69947)

MARC details
000 -LEADER
fixed length control field 01385nam a2200337 a 4500
001 - CONTROL NUMBER
control field 69947
003 - CONTROL NUMBER IDENTIFIER
rucl marc code BD-RjUL
005 - DATE AND TIME OF LATEST TRANSACTION
control field 20211209081940.0
008 - FIXED-LENGTH DATA ELEMENTS--GENERAL INFORMATION
fixed length control field 170415s1963 njua b 001 0 eng d
035 ## - SYSTEM CONTROL NUMBER
System control number (BD-RjUL)70159
040 ## - CATALOGING SOURCE
Original cataloging agency DLC/ICU
Transcribing agency ICU
Modifying agency BD-RjUL
Language of cataloging eng
041 1# - LANGUAGE CODE
Language code of text/sound track or separate title engrus
082 00 - DEWEY DECIMAL CLASSIFICATION NUMBER
Edition number 23
Classification number 530.143
Author mark and year ABM 1963
100 1# - MAIN ENTRY--PERSONAL NAME
Personal name Abrikosov, A. A.
Fuller form of name (Aleksei Alekseevich)
9 (RLIN) 207178
245 10 - TITLE STATEMENT
Title Methods of quantum field theory in statistical physics /
Statement of responsibility, etc. [by] A. A. Abrikosov, L. P. Gorkov [and] I. E. Dzyaloshinski; rev. English ed. translated and edited by Richard A. Silverman.
250 ## - EDITION STATEMENT
Edition statement Rev. English ed.
260 ## - PUBLICATION, DISTRIBUTION, ETC. (IMPRINT)
Place of publication, distribution, etc. Englewood Cliffs, N.J. :
Name of publisher, distributor, etc. Prentice-Hall,
Date of publication, distribution, etc. c1963.
300 ## - PHYSICAL DESCRIPTION
Pagination xv, 352 p. :
Illustrations ill. ;
Size 24 cm.
500 ## - GENERAL NOTE
General note Rev. English translation of Metody kvantovoĭ teorii poli︠a︡.
504 ## - BIBLIOGRAPHY, ETC. NOTE
Bibliography, etc Includes bibliographies and indexes.
650 #0 - SUBJECT ADDED ENTRY--TOPICAL TERM
Topical term or geographic name as entry element Quantum field theory
9 (RLIN) 118408
Topical term or geographic name as entry element Quantum statistics.
9 (RLIN) 207180
Topical term or geographic name as entry element Low temperature research.
9 (RLIN) 207181
700 ## - ADDED ENTRY--PERSONAL NAME
Personal name Gorkov, L. P. [joint author]
Personal name Dzyaloshinski, I. E. [joint author]
Personal name Silverman, Richard A. [ed.]
830 ## - SERIES ADDED ENTRY--UNIFORM TITLE
Uniform title Selected Russian publications in the mathematical sciences.
942 ## - ADDED ENTRY ELEMENTS (KOHA)
Source of classification or shelving scheme Dewey Decimal Classification
Koha item type Books
Holdings
Lost status Source of classification or shelving scheme Damaged status Not for loan Collection code Permanent Location Current Location Shelving location Date acquired Source of acquisition Cost, normal purchase price Total Checkouts Full call number Date last seen Copy number Koha item type
  Dewey Decimal Classification   Not For Loan Non-fiction Central Library, University of Rajshahi Central Library, University of Rajshahi Reading Room 18/06/1964 Zeitlinger 84.00   530.143 ABM 1963 15/04/2017 C-1 Books